[Event "World Blitz Women 2022"]
[Site "Almaty KAZ"]
[Date "2022.12.29"]
[Round "8.11"]
[White "Bivol, Alina"]
[Black "Mammadzada, Gunay"]
[Result "0-1"]
[WhiteTitle "IM"]
[BlackTitle "IM"]
[WhiteElo "2364"]
[BlackElo "2472"]
[WhiteFideId "4100123"]
[BlackFideId "13403729"]
[EventDate "2022.12.29"]

1. e4 c5 2. Nf3 d6 3. d4 cxd4 4. Nxd4 Nf6 5. Nc3 a6 6. Be2 e5 7. Nf3 Be7 8. Bg5
Be6 9. Bxf6 Bxf6 10. Qd2 Be7 11. O-O Nd7 12. Nd5 Nf6 13. Nxf6+ Bxf6 14. c4 O-O
15. b3 h6 16. Rad1 Be7 17. Ne1 Qc7 18. Nc2 Qc6 19. Bf3 b5 20. Nb4 Qb7 21. cxb5
axb5 22. h3 Rfc8 23. Qe2 Rc5 24. Bg4 Bxg4 25. Qxg4 Qc8 26. Qe2 Bf8 27. Rd2 f5
28. exf5 Qxf5 29. Rd3 e4 30. Rg3 d5 31. Qe3 Bd6 32. Rg4 Qe5 33. g3 Kh7 34. Rd1
Rf8 35. Kg2 Qf5 36. Rd2 Rf7 37. Nc2 Rc8 38. Nd4 Qf6 39. Nxb5 Bc5 40. Qf4 Qe6 41.
Rxg7+ Kxg7 42. Qh4 Rcf8 43. g4 Rxf2+ 0-1

[Event "World Blitz Women 2022"]
[Site "Almaty KAZ"]
[Date "2022.12.29"]
[Round "8.12"]
[White "Javakhishvili, Lela"]
[Black "Gaponenko, Inna"]
[Result "1/2-1/2"]
[WhiteTitle "IM"]
[BlackTitle "IM"]
[WhiteElo "2440"]
[BlackElo "2341"]
[WhiteFideId "13601458"]
[BlackFideId "14101181"]
[EventDate "2022.12.29"]

1. Nf3 d5 2. e3 Nf6 3. c4 dxc4 4. Bxc4 e6 5. d4 c5 6. O-O Nc6 7. Nc3 a6 8. dxc5
Qxd1 9. Rxd1 Bxc5 10. b3 O-O 11. Bb2 b5 12. Be2 Bb7 13. Rac1 Be7 14. a3 Rfd8 15.
b4 Rxd1+ 16. Rxd1 Rd8 17. Rxd8+ 1/2-1/2

[Event "World Blitz Women 2022"]
[Site "Almaty KAZ"]
[Date "2022.12.29"]
[Round "8.13"]
[White "Eric, Jovana"]
[Black "Badelka, Olga"]
[Result "0-1"]
[WhiteTitle "WGM"]
[BlackTitle "IM"]
[WhiteElo "2236"]
[BlackElo "2416"]
[WhiteFideId "938238"]
[BlackFideId "13509926"]
[EventDate "2022.12.29"]

1. e4 e5 2. Nf3 Nc6 3. Bc4 Bc5 4. d3 Nf6 5. Nc3 h6 6. O-O a6 7. a3 d6 8. h3 Qe7
9. Ne2 Be6 10. Bxe6 Qxe6 11. c3 Bb6 12. Ng3 Ne7 13. Re1 g5 14. d4 g4 15. hxg4
Nxg4 16. Be3 O-O-O 17. d5 Qd7 18. Bxb6 cxb6 19. c4 Rdg8 20. Nh4 Rg5 21. Qf3 Rhg8
22. Ngf5 Nxf5 23. exf5 Nf6 24. g3 Rg4 25. Kf1 Rxc4 26. Rac1 Rxc1 27. Rxc1+ Kb8
28. Qd3 b5 29. b3 h5 30. Qd2 Ng4 31. Qb4 Re8 32. a4 bxa4 33. bxa4 e4 34. Ng2 e3
35. f3 e2+ 36. Ke1 Ne5 37. Qc3 Qxf5 38. Nh4 Nd3+ 39. Kd2 Nxc1 0-1

[Event "World Blitz Women 2022"]
[Site "Almaty KAZ"]
[Date "2022.12.29"]
[Round "8.14"]
[White "Nurgali, Nazerke"]
[Black "Osmak, Yuliia"]
[Result "1-0"]
[WhiteTitle "WIM"]
[BlackTitle "IM"]
[WhiteElo "2168"]
[BlackElo "2451"]
[WhiteFideId "13711261"]
[BlackFideId "14101602"]
[EventDate "2022.12.29"]

1. d4 Nf6 2. c4 e6 3. Nf3 b6 4. Nc3 Bb7 5. Bg5 Be7 6. e3 O-O 7. Bd3 h6 8. Bh4 d6
9. O-O Nbd7 10. Rc1 e5 11. Bb1 Re8 12. d5 Rc8 13. Ne1 Nxd5 14. cxd5 Bxh4 15. Qg4
Bf6 16. Bf5 Re7 17. Ne4 Kf8 18. Rd1 Ra8 19. Qh3 Bc8 20. f4 Re8 21. fxe5 Bxe5 22.
Nd3 Nf6 23. Nxe5 dxe5 24. Nxf6 Bxf5 25. Rxf5 gxf6 26. Qxh6+ Ke7 27. d6+ cxd6 28.
Qxf6+ Kd7 29. Rxd6+ Kc7 30. Rxd8 Raxd8 31. Qxf7+ Kb8 32. h3 e4 33. Rg5 Rf8 34.
Qc4 Rde8 35. Rg7 Rc8 36. Qxe4 Rfe8 37. Qb7# 1-0

[Event "World Blitz Women 2022"]
[Site "Almaty KAZ"]
[Date "2022.12.29"]
[Round "8.15"]
[White "Ushenina, Anna"]
[Black "Gong, Qianyun"]
[Result "1-0"]
[WhiteTitle "GM"]
[BlackTitle "WGM"]
[WhiteElo "2454"]
[BlackElo "2299"]
[WhiteFideId "14110911"]
[BlackFideId "8602425"]
[EventDate "2022.12.29"]

1. d4 e6 2. Nf3 f5 3. g3 Nf6 4. Bg2 Be7 5. O-O O-O 6. c4 d6 7. Nc3 c6 8. Qc2 Kh8
9. e4 fxe4 10. Nxe4 Nxe4 11. Qxe4 Bf6 12. Re1 a5 13. h4 d5 14. Qc2 Na6 15. a3
Nc7 16. Bf4 dxc4 17. Qxc4 Nd5 18. Be5 Bd7 19. Re2 b5 20. Qc2 b4 21. Rae1 Rc8 22.
Bxf6 gxf6 23. Bh3 Nc7 24. axb4 axb4 25. Qc5 Rb8 26. Nd2 Rb5 27. Qc4 f5 28. Nf3
Rg8 29. Kh2 Rd5 30. Ne5 Be8 31. Qxb4 Rxd4 32. Qc3 c5 33. Qxc5 f4 34. Qc3 Nb5 35.
Qf3 Qf6 36. Nc6 Bxc6 37. Qxc6 fxg3+ 38. fxg3 Rxh4 39. Qxb5 Rh6 40. Qe5 Qxe5 41.
Rxe5 Rhg6 42. Bg2 1-0

[Event "World Blitz Women 2022"]
[Site "Almaty KAZ"]
[Date "2022.12.29"]
[Round "8.16"]
[White "Khotenashvili, Bela"]
[Black "Voit, Daria"]
[Result "0-1"]
[WhiteTitle "GM"]
[BlackTitle "WGM"]
[WhiteElo "2485"]
[BlackElo "2347"]
[WhiteFideId "13602640"]
[BlackFideId "4182146"]
[EventDate "2022.12.29"]

1. Nf3 d5 2. g3 Nd7 3. d4 Ngf6 4. Bg2 Nb6 5. a4 a5 6. b3 Bf5 7. Nh4 Be4 8. f3
Bg6 9. Ba3 Nbd7 10. O-O e6 11. Nxg6 hxg6 12. Bxf8 Nxf8 13. e4 c6 14. c4 N8d7 15.
Nc3 O-O 16. e5 Ne8 17. cxd5 cxd5 18. Nb5 Qb6 19. Rc1 Nxe5 20. f4 Nc6 21. g4 Nc7
22. Nxc7 Qxc7 23. f5 Qb6 24. Rc5 Qb4 25. fxe6 fxe6 26. Rxf8+ Rxf8 27. Rb5 Qxd4+
28. Qxd4 Nxd4 29. Rxb7 Rc8 30. b4 Rc1+ 31. Kf2 axb4 32. Rxb4 Rc2+ 33. Kf1 Nc6
34. Rb6 g5 35. a5 Nxa5 36. Rxe6 d4 37. Rd6 Rd2 38. Bd5+ Kf8 39. Ra6 Rd1+ 40. Ke2
Ra1 41. Kd3 Ke7 42. Ra8 Kd6 43. Rd8+ Ke5 44. Bg8 0-1

[Event "World Blitz Women 2022"]
[Site "Almaty KAZ"]
[Date "2022.12.29"]
[Round "8.17"]
[White "Muminova, Nafisa"]
[Black "Batsiashvili, Nino"]
[Result "0-1"]
[WhiteTitle "WGM"]
[BlackTitle "GM"]
[WhiteElo "2274"]
[BlackElo "2493"]
[WhiteFideId "14201526"]
[BlackFideId "13602993"]
[EventDate "2022.12.29"]

1. e4 e5 2. Nf3 Nc6 3. d4 exd4 4. Nxd4 Bc5 5. Nb3 Bb6 6. Qe2 d6 7. Nc3 Nge7 8.
Be3 Be6 9. O-O-O Ne5 10. Nc5 Bc4 11. Qe1 Qc8 12. Nd3 Ng4 13. Bxb6 axb6 14. b3
Be6 15. f4 O-O 16. h3 Nf6 17. g4 d5 18. e5 Ne4 19. f5 Nxc3 20. Qxc3 Bd7 21. f6
Ng6 22. fxg7 Re8 23. Kb1 c5 24. Re1 d4 25. Qd2 b5 26. Nf4 Nxf4 27. Qxf4 c4 28.
Qxd4 Qc6 29. Rh2 Qa6 30. a4 Be6 31. g5 Qa5 32. Rhe2 bxa4 33. bxc4 a3 34. Re3
Red8 35. Qe4 Ra6 36. Rb3 Rb6 37. Re3 a2+ 38. Ka1 Rd1+ 0-1

[Event "World Blitz Women 2022"]
[Site "Almaty KAZ"]
[Date "2022.12.29"]
[Round "8.18"]
[White "Lhotska, Anna"]
[Black "Injac, Teodora"]
[Result "0-1"]
[WhiteTitle "WFM"]
[BlackTitle "WGM"]
[WhiteElo "2159"]
[BlackElo "2365"]
[WhiteFideId "376183"]
[BlackFideId "932400"]
[EventDate "2022.12.29"]

1. e4 e5 2. Nf3 Nc6 3. Bb5 a6 4. Ba4 Nf6 5. O-O Be7 6. Re1 b5 7. Bb3 d6 8. c3
O-O 9. h3 Nb8 10. d4 Nbd7 11. a4 Bb7 12. Nbd2 c5 13. d5 c4 14. Bc2 Nc5 15. a5
Bc8 16. b4 cxb3 17. Nxb3 Nxb3 18. Bxb3 Nd7 19. Be3 Qc7 20. Qd2 Nc5 21. Bxc5 Qxc5
22. Rec1 Bd7 23. c4 b4 24. Ba4 Rfd8 25. Bxd7 Rxd7 26. Qd3 Bd8 27. Nd2 Rc8 28.
Nb3 Qa7 29. Rc2 g6 30. Ra4 Rb7 31. Qd2 Qb8 32. Ra1 Be7 33. Rac1 Rbc7 34. Qd3 Bg5
35. Rb1 Qa7 36. g3 Kg7 37. Rd1 Rf8 38. h4 Bh6 39. Kg2 f5 40. c5 dxc5 41. d6 fxe4
42. Qxe4 Rcf7 43. Nxc5 Kg8 44. Ne6 Rxf2+ 45. Rxf2 Qxf2+ 46. Kh3 Re8 47. Nc7 Rd8
48. Qd5+ Kh8 49. d7 Qf5+ 50. Kh2 Qc2+ 51. Kh3 Qxc7 52. Qe6 Bf8 53. Qf6+ Bg7 54.
Qe6 h6 55. Qe8+ Kh7 56. Qe6 b3 57. Rd6 Qc2 58. Qe7 Qf5+ 59. Kh2 b2 60. Rb6 Qf2+
61. Kh3 Qf5+ 62. Kh2 Rxd7 63. Qb4 Qc2+ 64. Kh3 Qf5+ 65. Kh2 Rc7 66. Qxb2 Rc2+ 0-1

[Event "World Blitz Women 2022"]
[Site "Almaty KAZ"]
[Date "2022.12.29"]
[Round "8.19"]
[White "Padmini, Rout"]
[Black "Gvetadze, Sofio"]
[Result "1-0"]
[WhiteTitle "IM"]
[BlackTitle "IM"]
[WhiteElo "2389"]
[BlackElo "2298"]
[WhiteFideId "5029295"]
[BlackFideId "13601440"]
[EventDate "2022.12.29"]

1. e4 c5 2. Nf3 g6 3. c4 Bg7 4. d4 cxd4 5. Nxd4 Nc6 6. Be3 Nf6 7. Nc3 d6 8. Be2
O-O 9. O-O Bd7 10. Nc2 Rc8 11. f3 a6 12. Qd2 Be6 13. Rac1 Ne5 14. b3 Re8 15. Nd5
Bxd5 16. cxd5 Ned7 17. Na3 Nc5 18. Nc4 h5 19. Rc2 Ncd7 20. Rfc1 Nh7 21. Na5 Rxc2
22. Rxc2 b5 23. Nc6 Qa8 24. Qa5 h4 25. a4 bxa4 26. b4 Nb8 27. Qxa4 h3 28. b5
hxg2 29. bxa6 Nd7 30. a7 Nc5 31. Qb5 e6 32. Qb8 exd5 33. Qxa8 Rxa8 34. exd5 Nf8
35. Bxc5 dxc5 36. Ba6 Nd7 37. Bb7 Rxa7 38. Nxa7 Bd4+ 39. Kxg2 Ne5 40. Nc6 1-0

[Event "World Blitz Women 2022"]
[Site "Almaty KAZ"]
[Date "2022.12.29"]
[Round "8.20"]
[White "Balabayeva, Xeniya"]
[Black "Kamalidenova, Meruert"]
[Result "1-0"]
[WhiteTitle "WIM"]
[BlackTitle "WIM"]
[WhiteElo "2183"]
[BlackElo "2377"]
[WhiteFideId "13719688"]
[BlackFideId "13712802"]
[EventDate "2022.12.29"]

1. d4 Nf6 2. c4 e6 3. Nc3 Bb4 4. Bd2 O-O 5. Nf3 d5 6. e3 b6 7. cxd5 exd5 8. Bd3
Bb7 9. O-O Bd6 10. Nb5 c5 11. Nxd6 Qxd6 12. Ne5 Nc6 13. Nxc6 Bxc6 14. Rc1 Rfe8
15. b3 Rac8 16. h3 cxd4 17. exd4 Ne4 18. Be3 Bd7 19. Qf3 Qe6 20. Rxc8 Rxc8 21.
Bxe4 dxe4 22. Qe2 Qd5 23. Qd2 h6 24. Rc1 Rxc1+ 25. Qxc1 Qa5 26. Qd2 Qa3 27. d5
Qd6 28. Qd4 Bf5 29. Bd2 f6 30. Bb4 Qd7 31. d6 Kh7 32. a4 Qe6 33. Qc4 Qe8 34. Qd4
Bd7 35. a5 bxa5 36. Bxa5 a6 37. Bc3 Bb5 38. b4 Qe6 39. Bd2 Bd7 40. Be3 Bc6 41.
Bd2 Bd7 42. Be3 Bc6 43. Qc5 Qd7 44. Qd4 Qb7 45. Qc5 Bd7 46. Qd4 Qc6 47. Qc5 Qa4
48. Qd4 Qc2 49. Kh2 Be6 50. Qc5 Qd3 51. Qc6 Bf5 52. Qc7 Qd5 53. Qe7 Bc8 54. Qc7
Be6 55. Qe7 Qe5+ 56. Kg1 Qd5 57. Kh2 Bf5 58. Kg1 Qd3 59. Kh2 Qb5 60. Bc5 Qd3 61.
Kg1 Qd5 62. Kh2 Kg6 63. Qe8+ Kh7 64. Qe7 Be6 65. Be3 Qe5+ 66. Kg1 Qd5 67. Kh2
Bc8 68. Qc7 Be6 69. Qe7 Bf5 70. Qc7 Qe5+ 71. Kg1 Qb5 72. Qc5 Qd7 73. Qb6 Qc8 74.
Qc7 Kg6 75. Qxc8 Bxc8 76. Kf1 Kf5 77. Ke2 Ke5 78. Bc5 f5 79. Kd2 f4 80. Kc3 Kd5
81. Bd4 g6 82. Bg7 h5 83. Bf8 f3 84. gxf3 exf3 85. h4 Be6 86. Kd3 Bf5+ 87. Ke3
Bd7 88. Kxf3 Kc4 89. Kf4 Kxb4 90. Kg5 Kb3 91. Kxg6 a5 92. Kxh5 a4 93. Kg5 Kc4
94. h5 a3 95. h6 Kd5 96. h7 1-0

[Event "World Blitz Women 2022"]
[Site "Almaty KAZ"]
[Date "2022.12.29"]
[Round "8.21"]
[White "Charochkina, Daria"]
[Black "Ovod, Evgenija"]
[Result "0-1"]
[WhiteTitle "IM"]
[BlackTitle "IM"]
[WhiteElo "2344"]
[BlackElo "2323"]
[WhiteFideId "4180917"]
[BlackFideId "4131827"]
[EventDate "2022.12.29"]

1. d4 d5 2. Nc3 Nf6 3. Bf4 a6 4. e3 b5 5. Bd3 e6 6. Nf3 Bb7 7. Qe2 Nbd7 8. a3 c5
9. dxc5 Nxc5 10. b4 Nxd3+ 11. cxd3 Be7 12. O-O O-O 13. Ne5 Nd7 14. d4 Nxe5 15.
Bxe5 f6 16. Bg3 Re8 17. f4 Bf8 18. f5 e5 19. dxe5 fxe5 20. Rad1 d4 21. exd4 exd4
22. Qa2+ Kh8 23. Ne2 d3 24. Nf4 Qb6+ 25. Kh1 Rad8 26. Nxd3 Bd5 27. Qc2 Bc4 28.
Ne5 Bxf1 29. Rxd8 Bxg2+ 30. Qxg2 Rxd8 31. Nf7+ Kg8 32. Nxd8 Qxd8 33. Qa2+ Kh8
34. Qe6 a5 35. bxa5 Qa8+ 36. Kg1 Qxa5 37. Qe8 Qxa3 38. Kg2 Qc5 39. Qb8 b4 40.
Be5 Kg8 41. Kf3 h6 42. Ke4 Qc4+ 43. Kf3 b3 44. Kg2 Qd5+ 45. Kg3 Qd3+ 46. Kf4
Qd2+ 47. Ke4 Qe2+ 48. Kd5 Qd3+ 49. Ke6 Qc4+ 50. Kd7 Qd5+ 51. Ke8 Qf7+ 52. Kd8
Qe7+ 53. Kc8 Qe8+ 54. Kb7 Qxb8+ 55. Kxb8 Ba3 0-1

[Event "World Blitz Women 2022"]
[Site "Almaty KAZ"]
[Date "2022.12.29"]
[Round "8.22"]
[White "Koneru, Humpy"]
[Black "Paramzina, Anastasya"]
[Result "1/2-1/2"]
[WhiteTitle "GM"]
[BlackTitle "WGM"]
[WhiteElo "2572"]
[BlackElo "2227"]
[WhiteFideId "5008123"]
[BlackFideId "4165012"]
[EventDate "2022.12.29"]

1. Nf3 Nf6 2. c4 g6 3. d4 Bg7 4. g3 c6 5. Bg2 O-O 6. O-O d5 7. cxd5 cxd5 8. Nc3
Ne4 9. Bf4 Nxc3 10. bxc3 Nc6 11. Ne5 Nxe5 12. Bxe5 Bxe5 13. dxe5 e6 14. Rb1 Qa5
15. Qd2 Rb8 16. Rb4 Qc7 17. Qg5 Bd7 18. Rh4 Rfc8 19. Rc1 h5 20. Rxh5 Qd8 21.
Qxd8+ Rxd8 22. Rh4 Rbc8 23. Rb4 b6 24. e3 Rc5 25. Bf1 Rdc8 26. Rb3 R8c7 27. Ra3
Bb5 28. Bxb5 Rxb5 29. Rb3 Ra5 30. a3 Ra4 31. Kf1 Kf8 32. f4 g5 33. Ke2 g4 34.
Kd3 Kg7 35. Rh1 Rc8 36. h3 Rh8 37. h4 Kg6 38. Ra1 Kf5 39. Rb4 Ra5 40. a4 Rc8 41.
Rb5 Rc5 42. Rxa5 Rxa5 43. c4 dxc4+ 44. Kxc4 Ke4 45. h5 Rc5+ 46. Kb4 Rc8 47. Rd1
Kf3 48. Rd7 Kxg3 49. Rxf7 Kf2 50. f5 exf5 51. Rxf5+ Kxe3 52. h6 g3 53. e6 g2 54.
Rg5 Kf2 55. Rf5+ Ke3 56. Rg5 Kf2 57. Rf5+ Ke3 58. Rg5 Kf2 1/2-1/2

[Event "World Blitz Women 2022"]
[Site "Almaty KAZ"]
[Date "2022.12.29"]
[Round "8.23"]
[White "Pourkashiyan, Atousa"]
[Black "Abdumalik, Zhansaya"]
[Result "1/2-1/2"]
[WhiteTitle "WGM"]
[BlackTitle "GM"]
[WhiteElo "2321"]
[BlackElo "2496"]
[WhiteFideId "12502014"]
[BlackFideId "13703544"]
[EventDate "2022.12.29"]

1. e4 c5 2. Nf3 Nc6 3. d4 cxd4 4. Nxd4 Nf6 5. Nc3 e5 6. Ndb5 d6 7. Bg5 a6 8. Na3
b5 9. Nd5 Be7 10. Bxf6 Bxf6 11. c4 b4 12. Nc2 a5 13. Be2 O-O 14. O-O Be6 15. Qd3
Rc8 16. Rad1 g6 17. b3 Bg7 18. Qg3 Nb8 19. Bg4 Nd7 20. Bxe6 fxe6 21. Nde3 Qe7
22. f3 Nc5 23. Qf2 Rc6 24. Qe2 Rb8 25. Ne1 Qa7 26. Nd3 Nd7 27. Kh1 a4 28. Nc2
axb3 29. axb3 Qa2 30. Rb1 Bh6 31. Rfe1 Rcb6 32. Ne3 Qxe2 33. Rxe2 Nc5 34. Nxc5
dxc5 35. Ng4 Bg7 36. Rd1 h5 37. Nf2 Ra8 38. h4 Ra3 39. Rd3 Bh6 40. g3 Kf7 41.
Kg2 Ke7 42. Nh3 Rd6 43. Rxd6 Kxd6 44. Rb2 Bc1 45. Rc2 Be3 46. Rb2 Bd4 47. Rb1
Ra2+ 48. Kh1 Rd2 49. Ng5 Bf2 50. Kg2 Be3+ 51. Kh3 Bxg5 52. hxg5 Rf2 53. Rd1+ Ke7
54. Rd3 Rf1 55. Kg2 Rb1 56. Kf2 Rb2+ 57. Kg1 Rc2 58. Kf1 Ra2 59. Re3 Rh2 60. Rd3
h4 61. gxh4 Rxh4 62. Rd2 Rh3 63. Kg2 Rh5 64. Ra2 Rxg5+ 65. Kf2 Rh5 66. Ra5 Rh2+
67. Kg3 Rb2 68. Rxc5 Rxb3 69. Rxe5 Rc3 70. Rg5 Kf6 71. Rb5 Rxc4 72. Kf4 Rd4 73.
Rb6 g5+ 74. Kg4 Rc4 75. Rb5 Rc1 76. Rxb4 Rg1+ 77. Kh3 Ke5 78. Kh2 Rd1 1/2-1/2

[Event "World Blitz Women 2022"]
[Site "Almaty KAZ"]
[Date "2022.12.29"]
[Round "8.24"]
[White "Zatonskih, Anna"]
[Black "Kovanova, Baira"]
[Result "1/2-1/2"]
[WhiteTitle "IM"]
[BlackTitle "WGM"]
[WhiteElo "2349"]
[BlackElo "2317"]
[WhiteFideId "14101572"]
[BlackFideId "4164083"]
[EventDate "2022.12.29"]

1. d4 d5 2. c4 c6 3. Nf3 Nf6 4. Qc2 e6 5. g3 Bb4+ 6. Nbd2 O-O 7. Bg2 b6 8. O-O
Bb7 9. Rd1 Nbd7 10. b3 Rc8 11. Bb2 Qc7 12. a3 Be7 13. Rac1 c5 14. cxd5 exd5 15.
Ne5 Rfe8 16. Nxd7 Qxd7 17. Nf3 cxd4 18. Qd3 Ne4 19. Nxd4 Bf6 20. e3 Nc5 21. Qd2
Ne4 22. Qd3 Nc5 23. Qd2 Ne4 24. Qd3 1/2-1/2

[Event "World Blitz Women 2022"]
[Site "Almaty KAZ"]
[Date "2022.12.29"]
[Round "8.25"]
[White "Atalik, Ekaterina"]
[Black "Nurgaliyeva, Zarina"]
[Result "1/2-1/2"]
[WhiteTitle "IM"]
[BlackTitle "WFM"]
[WhiteElo "2403"]
[BlackElo "2013"]
[WhiteFideId "4130189"]
[BlackFideId "13730096"]
[EventDate "2022.12.29"]

1. d4 Nf6 2. Nf3 d5 3. g3 e6 4. Bg2 Be7 5. O-O O-O 6. Nbd2 c6 7. c4 Nbd7 8. b3
b6 9. Bb2 Bb7 10. Qc2 Rc8 11. e4 dxe4 12. Nxe4 Nxe4 13. Qxe4 Nf6 14. Qe2 c5 15.
Rad1 Qc7 16. Rfe1 Rfd8 17. d5 Ne8 18. dxe6 Bf6 19. exf7+ Qxf7 20. Ne5 Bxe5 21.
Qxe5 Bxg2 22. Kxg2 Nf6 23. Rxd8+ Rxd8 24. Bc3 h6 25. Qe6 Qxe6 26. Rxe6 Kf7 27.
Rc6 Rd7 28. Bxf6 gxf6 29. Kf3 Kg6 30. h4 Rd2 31. g4 Rxa2 32. Rc7 h5 33. gxh5+
Kxh5 34. Rh7+ Kg6 35. Rb7 Ra3 36. Kg4 Rxb3 37. h5+ Kh6 38. Rf7 Rc3 39. Rxf6+ Kh7
40. Rc6 Rxc4+ 41. Kg5 Rc1 42. Rc7+ Kg8 43. f4 a5 44. f5 a4 45. h6 b5 46. h7+ Kh8
47. f6 a3 48. f7 Rf1 49. Kg6 Rg1+ 50. Kf6 Rf1+ 51. Kg6 Rg1+ 52. Kf6 Rf1+ 53. Kg6 1/2-1/2

[Event "World Blitz Women 2022"]
[Site "Almaty KAZ"]
[Date "2022.12.29"]
[Round "8.26"]
[White "Tokhirjonova, Gulrukhbegim"]
[Black "Nomin-Erdene, Davaademberel"]
[Result "0-1"]
[WhiteTitle "WGM"]
[BlackTitle "IM"]
[WhiteElo "2328"]
[BlackElo "2384"]
[WhiteFideId "14203626"]
[BlackFideId "4900782"]
[EventDate "2022.12.29"]

1. e4 c6 2. Nc3 d5 3. Nf3 dxe4 4. Nxe4 Nf6 5. Qe2 Bg4 6. h3 Bh5 7. d3 Qc7 8. Bd2
e6 9. g3 Bg6 10. Bg2 Nbd7 11. O-O-O O-O-O 12. Kb1 Nd5 13. Nh4 Nf4 14. Bxf4 Qxf4
15. Nxg6 hxg6 16. Qe3 Qxe3 17. fxe3 Be7 18. g4 f5 19. g5 0-1

[Event "World Blitz Women 2022"]
[Site "Almaty KAZ"]
[Date "2022.12.29"]
[Round "8.27"]
[White "Yao, Lan"]
[Black "Balajayeva, Khanim"]
[Result "1/2-1/2"]
[WhiteTitle "WIM"]
[BlackTitle "WGM"]
[WhiteElo "2271"]
[BlackElo "2379"]
[WhiteFideId "8610835"]
[BlackFideId "13406396"]
[EventDate "2022.12.29"]

1. e4 e5 2. Nf3 Nc6 3. Bc4 Nf6 4. d3 h6 5. c3 d6 6. O-O g5 7. Bb3 Bg7 8. Nbd2
O-O 9. Nc4 Be6 10. Ne3 d5 11. Bc2 Qd7 12. Qe2 Rad8 13. Rd1 Rfe8 14. Nf1 Nh5 15.
Ng3 Nf4 16. Bxf4 exf4 17. Nf1 d4 18. c4 Qd6 19. Ba4 Rf8 20. Rac1 Ne5 21. Nxe5
Bxe5 22. h3 Kh7 23. Nh2 Rg8 24. Ng4 Bh8 25. e5 Qa6 26. Qe4+ Kg7 27. Bb3 Bxg4 28.
hxg4 c5 29. Re1 Rge8 30. Qf5 Kg8 31. Re2 Re6 32. Rce1 Rde8 33. a3 Qc6 34. Bc2 a6
35. Re4 Bg7 36. Bd1 Qc7 37. Bf3 b6 38. R4e2 b5 39. Bd5 Rxe5 40. Rxe5 Rxe5 41.
Rxe5 Bxe5 42. cxb5 axb5 43. Bxf7+ Qxf7 44. Qxe5 Qa7 45. Qe6+ Kg7 46. Qe5+ Kg8
47. Qe6+ Kg7 48. Qe5+ Kg8 49. Qe6+ 1/2-1/2

[Event "World Blitz Women 2022"]
[Site "Almaty KAZ"]
[Date "2022.12.29"]
[Round "8.28"]
[White "Gaboyan, Susanna"]
[Black "Beydullayeva, Govhar"]
[Result "0-1"]
[WhiteTitle "WIM"]
[BlackTitle "WGM"]
[WhiteElo "2200"]
[BlackElo "2387"]
[WhiteFideId "13303627"]
[BlackFideId "13413015"]
[EventDate "2022.12.29"]

1. Nf3 Nf6 2. g3 d5 3. Bg2 g6 4. O-O Bg7 5. d3 O-O 6. Nbd2 c5 7. e4 Nc6 8. exd5
Nxd5 9. Nc4 b6 10. c3 Bb7 11. Re1 Qc7 12. h4 Rad8 13. h5 b5 14. Ne3 Nf6 15. hxg6
hxg6 16. Qe2 Rd7 17. Ng5 Rfd8 18. Ne4 Ne5 19. d4 cxd4 20. cxd4 Rxd4 21. Nxf6+
Bxf6 22. f4 Nd3 23. Rf1 Bxg2 24. Qxg2 Nc5 25. Ng4 Bg7 26. Be3 R4d5 27. Rac1 Qd6
28. b4 Nd3 29. Bc5 Nxc5 30. bxc5 Rxc5 31. Rcd1 Rd5 32. Rxd5 Qxd5 33. Qe2 Bd4+
34. Kh2 Kg7 35. Ne5 Rh8+ 0-1

[Event "World Blitz Women 2022"]
[Site "Almaty KAZ"]
[Date "2022.12.29"]
[Round "8.29"]
[White "Mkrtchian, Lilit"]
[Black "Tereladze, Sopio"]
[Result "1-0"]
[WhiteTitle "IM"]
[BlackTitle "WIM"]
[WhiteElo "2377"]
[BlackElo "2215"]
[WhiteFideId "13300601"]
[BlackFideId "13600486"]
[EventDate "2022.12.29"]

1. Nf3 Nf6 2. g3 d5 3. Bg2 g6 4. O-O Bg7 5. d4 O-O 6. c4 c6 7. Qb3 Qb6 8. Nc3
Bf5 9. Na4 Qxb3 10. axb3 Nbd7 11. Nc3 Rfe8 12. cxd5 Nxd5 13. Bd2 e5 14. dxe5
Nxc3 15. bxc3 Nxe5 16. Nd4 Bd7 17. h3 f5 18. Rfe1 a6 19. f4 Nf7 20. e4 fxe4 21.
Rxe4 Rxe4 22. Bxe4 Bxd4+ 23. cxd4 Nd6 24. Bg2 Be6 25. Re1 Bxb3 26. Bb4 Nf5 27.
Bc5 Bd5 28. g4 Ng7 29. Re7 Bxg2 30. Kxg2 b5 31. d5 cxd5 32. Bd4 Ne8 33. f5 gxf5
34. gxf5 b4 35. f6 Nxf6 36. Bxf6 a5 37. Rb7 Ra6 38. Bd4 Rc6 39. Rb5 Rc2+ 40. Kf3
Ra2 41. Rxd5 b3 42. Rb5 a4 43. Ke4 Kf7 44. Kf5 Ke7 45. Ke5 Re2+ 46. Kd5 Rh2 47.
Rb7+ Ke8 48. Ke6 Re2+ 49. Be5 Rd2 50. Rxh7 1-0

[Event "World Blitz Women 2022"]
[Site "Almaty KAZ"]
[Date "2022.12.29"]
[Round "8.30"]
[White "Nurmanova, Alua"]
[Black "Savitha, Shri B"]
[Result "1-0"]
[WhiteTitle "WIM"]
[BlackTitle "WIM"]
[WhiteElo "2191"]
[BlackElo "2411"]
[WhiteFideId "13729390"]
[BlackFideId "35061887"]
[EventDate "2022.12.29"]

1. e4 c5 2. Nf3 d6 3. d4 cxd4 4. Nxd4 Nf6 5. Nc3 Nc6 6. Bg5 e6 7. Qd2 a6 8.
O-O-O Bd7 9. f4 Be7 10. Nf3 b5 11. a3 Qb6 12. e5 Nd5 13. Nxd5 exd5 14. exd6 Bxg5
15. fxg5 Be6 16. d7+ Kxd7 17. Qc3 Rhg8 18. Bd3 Rac8 19. Rhe1 Kc7 20. Ne5 Kb7 21.
Nxc6 Rxc6 22. Qe5 Ka7 23. Kb1 Qf2 24. Bxh7 Rgc8 25. Re2 Qh4 26. Qxg7 Ka8 27. g3
Qa4 28. Rd4 Qa5 29. Qe5 Rc4 30. Rxc4 bxc4 31. Bf5 Rc6 32. Bxe6 fxe6 33. g6 c3
34. g7 Qd8 35. Rf2 Ka7 36. Rf7+ Kb6 37. Rf8 Qe7 38. g8=Q Qc5 39. Rb8+ Ka5 40.
b4+ 1-0

[Event "World Blitz Women 2022"]
[Site "Almaty KAZ"]
[Date "2022.12.29"]
[Round "8.31"]
[White "Kurmangaliyeva, Liya"]
[Black "Girya, Olga"]
[Result "1-0"]
[WhiteTitle "FM"]
[BlackTitle "GM"]
[WhiteElo "2287"]
[BlackElo "2398"]
[WhiteFideId "13725831"]
[BlackFideId "4195752"]
[EventDate "2022.12.29"]

1. e4 c6 2. d4 d5 3. Nc3 dxe4 4. Nxe4 Bf5 5. Ng3 Bg6 6. h4 h6 7. Nf3 Nd7 8. h5
Bh7 9. Bd3 Bxd3 10. Qxd3 e6 11. Bd2 Ngf6 12. O-O-O Qc7 13. Ne4 Rd8 14. Kb1 c5
15. dxc5 Bxc5 16. Nxc5 Qxc5 17. Be3 Qa5 18. Qd6 Ne4 19. Qf4 Nef6 20. Qd6 Ne4 21.
Qd4 Ndf6 22. Qxd8+ Qxd8 23. Rxd8+ Kxd8 24. Bxa7 Kc7 25. Bd4 Rd8 26. c3 Ng4 27.
Rf1 f6 28. Rd1 Rd5 29. c4 Rxh5 30. Kc2 Ngxf2 31. Re1 e5 32. Be3 Ng4 33. Bg1 Nd6
34. b3 Nf5 35. a4 Ne7 36. a5 Nc6 37. Bb6+ Kc8 38. Kc3 Rf5 39. b4 Rf4 40. b5 Nd8
41. Rd1 Nf7 42. a6 bxa6 43. bxa6 Re4 44. a7 Kb7 45. Rd7+ Ka8 46. Rxf7 1-0